00527nam a2200193 i 450000100060000000300080000600500170001400800410003103500190007204000230009104100080011408200220012210000340014424500700017825000120024826000320026030000200029265000210031233894BD-RjUL20211209052057.0140511s1961 pk b 000 0 eng  a(BD-RjUL)33986 aDLCcDLCdDLCbeng aeng00a297.903bAZN 19612 aʻAzīz Aḥmad, Muḥammad.14aThe nature of Islamic political theory /cby Muhammad Aziz Ahmad. a1st ed. aKarachi :bMaʻaref,c1961. a30 p. ;c18 cm. 0aIslam and state.